Former Countries - Sudden Death #1 - Statistics

General Stats
  • This quiz has been taken 64 times
  • The average score is 12 of 15
Answers on the Grid
Answers color-coded by a green-red scale on the quiz's grid according to % correct below.
Soviet Union
Yugoslavia
Zanzibar
Austria-Hungary
Qing Dynasty
Korean Empire
West Papua
South Vietnam
California
Vermont
East Germany
Newfoundland
Ottoman Empire
Biafra
Yuan Dynasty
Kosovo
Albania
Germany
Ireland
Syria
Iran
Iraq
Barbados
Taiwan
Vietnam
Tuvalu
Micronesia
Myanmar
East Timor
Burundi
 
Answer Stats
Answer % Correct
East Germany
92%
Soviet Union
92%
Yugoslavia
92%
Ottoman Empire
90%
Austria-Hungary
87%
Zanzibar
87%
South Vietnam
83%
Qing Dynasty
79%
Yuan Dynasty
77%
Korean Empire
73%
West Papua
71%
Biafra
69%
Newfoundland
69%
California
67%
Vermont
62%
No matching quizzes found
Score Distribution
Percent of People with Each Score
Percentile by Number Answered
Your Score History
You have not taken this quiz